000 00428nam a2200193Ia 4500
005 20240823035423.0
008 240823s9999||||xx |||||||||||||| ||und||
020 _a978-0-141-04858-1
041 _aENGLISH
082 _A823.92 Q2
100 _aMirza Waheed
245 4 _aThe Collaborator
250 _a1st
260 _c2012
_bPenguin Fi
500 _aYES
650 _aNovel
_bEnglish
942 _cBK
999 _c200645
_d200645